000
00292nam a22001097a 4500
082
_a
658 GIL'I
100
_a
GLASER, ROBERT,CRISSY, W. J. E,GILMER, B. VAN
_9
77543
245
_a
INDUSTRIAL AND ORGANIZATIONAL PSYCHOLOGY
260
_a
NEWYORK
_b
MCGRAW HILL
_c
1971
300
_a
682P
942
_c
BK
999
_c
582807
_d
582807